000
00206nam a22000857a 4500
008
240405b |||||||| |||| 00| 0 eng d
100
_a
Hubbard Ron
_9
7763
245
_a
The Ethics Book
260
_a
New Delhi
_c
2017
999
_c
12561
_d
12561